书目信息 |
| 题名: |
吉他弹唱
|
|
| 作者: | 唐联斌 孙海波 编 | |
| 分册: | ||
| 出版信息: | 北京 蓝天出版社 2004.01 |
|
| 页数: | 134页 | |
| 开本: | 20cm | |
| 丛书名: | ||
| 单 册: | ||
| 中图分类: | J647.23 | |
| 科图分类: | ||
| 主题词: | 音乐--作品--中国 | |
| 电子资源: | ||
| ISBN: | 7-80158-414-7 | |
| 000 | 00596nam0 2200193 450 | |
| 001 | 0852741580 | |
| 005 | 20080401144353.73 | |
| 010 | @a7-80158-414-7@dCNY15.50 | |
| 100 | @a20080401d2004 km y0chiy0120 ea | |
| 101 | 0 | @achi |
| 102 | @aCN@b110000 | |
| 200 | 1 | @a吉他弹唱@Aji ta dan chang@f唐联斌 孙海波编@Ftang lian bin sun hai bo bian |
| 210 | @a北京@c蓝天出版社@d2004.01 | |
| 215 | @a134页@d20cm | |
| 606 | 0 | @a音乐@x作品@x中国 |
| 690 | @aJ647.23@v4 | |
| 701 | 0 | @a唐联斌 孙海波@Atang lian bin sun hai bo@4编 |
| 801 | 0 | @aCN@b大连网信软件有限公司图书馆·11@c20080401 |
| 905 | @aZUCC@dJ647.23@eT240 | |
| 吉他弹唱/唐联斌 孙海波编.-北京:蓝天出版社,2004.01 |
| 134页;20cm |
| ISBN 7-80158-414-7:CNY15.50 |
| ● |
| 相关链接 |
|
|
|
正题名:吉他弹唱
索取号:J647.23/T240
 
预约/预借
| 序号 | 登录号 | 条形码 | 馆藏地/架位号 | 状态 | 备注 |
| 1 | 451152 | 204511527 | 社科库309/309社科库 96排3列2层/ [索取号:J647.23/T240] | 在馆 |